[Event "Mittelfranken EM 2022"]
[Site "Nuernberg"]
[Date "2022.04.17"]
[Round "6.9"]
[White "Zeltner, Ottmar"]
[Black "Balhar, Michael"]
[Result "1-0"]
[WhiteElo "1983"]
[BlackElo "1736"]
[PlyCount "129"]
[EventDate "2022.??.??"]
[WhiteTeam "SK Rothenburg"]
[BlackTeam "SC Erlangen"]

1. e4 d6 2. d4 Nf6 3. Nc3 g6 4. Nf3 Bg7 5. Bc4 O-O 6. O-O Nxe4 7. Bxf7+ Rxf7 8.
Nxe4 h6 9. Qd3 Bf5 10. Qe3 Nc6 11. c3 e5 12. dxe5 Nxe5 13. Nxe5 Bxe5 14. Ng3
Bg7 15. Nxf5 Rxf5 16. Bd2 Qd7 17. Rae1 Raf8 18. Qxa7 b6 19. a3 Qc6 20. Re7 R5f7
21. Rxf7 Rxf7 22. Qa6 Re7 23. Qd3 Qe8 24. Be3 Kh7 25. h3 Qf7 26. Rd1 Qb3 27.
Rd2 Re5 28. Bd4 Re1+ 29. Kh2 Bxd4 30. Qxd4 Qe6 31. f3 Rb1 32. Qf4 g5 33. Qd4
Qf5 34. Re2 Kg6 35. Qe3 Qf4+ 36. Qxf4 gxf4 37. g3 fxg3+ 38. Kxg3 Kf5 39. Rg2
Rf1 40. Rd2 Rg1+ 41. Rg2 Rf1 42. Re2 Rg1+ 43. Kf2 Rg7 44. Re4 c5 45. Rh4 Rg6
46. Rg4 Re6 47. c4 d5 48. cxd5 Rd6 49. Ke3 Rxd5 50. Rf4+ Kg5 51. Re4 Rd1 52. b4
cxb4 53. Rxb4 Rd6 54. a4 Kf5 55. Rb5+ Kf6 56. Ke4 Rc6 57. Kd5 Re6 58. Rb4 Kf5
59. Rf4+ Kxf4 60. Kxe6 h5 61. Kd5 h4 62. Kc6 Kg3 63. Kxb6 Kxh3 64. a5 Kg2 65.
a6 1-0

[Event "Mittelfranken EM 2022"]
[Site "Nuernberg"]
[Date "2022.04.17"]
[Round "6.10"]
[White "Mueller, Christian"]
[Black "Weissmann, Peter"]
[Result "1-0"]
[WhiteElo "1948"]
[BlackElo "1707"]
[PlyCount "91"]
[EventDate "2022.??.??"]
[WhiteTeam "SW Nuernberg Sued"]
[BlackTeam "SG Fuerth"]

1. e4 c5 2. Nf3 Nc6 3. d4 cxd4 4. Nxd4 d6 5. Nc3 Nf6 6. Bg5 e5 7. Ndb5 a6 8.
Na3 b5 9. Nd5 Be6 10. c3 Be7 11. Bxf6 Bxf6 12. Nc2 Bg5 13. a4 Rb8 14. axb5 axb5
15. Ra6 Qc8 16. Ndb4 Nxb4 17. Nxb4 Be7 18. Rxd6 O-O 19. Nc6 Bxd6 20. Qxd6 Qd7
21. Qxd7 Bxd7 22. Nxb8 Rxb8 23. Bd3 Ra8 24. Kd2 g6 25. Rd1 Kf8 26. Ke3 Ke7 27.
Be2 Bc6 28. Rd2 Ra4 29. f3 Ke6 30. Bd1 Ra1 31. Bb3+ Ke7 32. Rd1 Rxd1 33. Bxd1
f5 34. b4 Kd6 35. g3 Bd7 36. Bb3 Bc6 37. exf5 gxf5 38. f4 e4 39. Kd4 Bb7 40.
Bg8 h6 41. Bf7 Bc6 42. h3 Bb7 43. Be8 Ba6 44. g4 Ke6 45. gxf5+ Kxf5 46. Ke3 1-0

[Event "Mittelfranken EM 2022"]
[Site "Nuernberg"]
[Date "2022.04.17"]
[Round "6.11"]
[White "Rieber, Rene"]
[Black "Albayrak, Atilla"]
[Result "1-0"]
[WhiteElo "1858"]
[BlackElo "1673"]
[PlyCount "137"]
[EventDate "2022.??.??"]
[WhiteTeam "SC Ansbach"]
[BlackTeam "SC NT Nuernberg"]

1. e4 c5 2. b4 cxb4 3. a3 Nc6 4. axb4 g6 5. Bb2 e5 6. b5 Nd4 7. Nf3 Bg7 8. Nxd4
exd4 9. Bc4 Qf6 10. O-O Ne7 11. f4 d5 12. exd5 O-O 13. Qf3 Nf5 14. g4 Nd6 15.
d3 Qh4 16. f5 gxf5 17. gxf5 Qg5+ 18. Kh1 Qxf5 19. Nd2 Qxf3+ 20. Nxf3 Bf5 21.
Ba3 Rfd8 22. Bxd6 Rxd6 23. Rfe1 Kf8 24. Ra4 a5 25. bxa6 bxa6 26. Nd2 Bh6 27.
Nb3 Be3 28. Bb5 Bg4 29. Kg2 Rg6 30. Bc6 Bd7+ 31. Kf3 Bxc6 32. dxc6 Rxc6 33. Re2
Rac8 34. c4 Rb8 35. Na1 Rbb6 36. Rg2 Rf6+ 37. Kg4 Rg6+ 38. Kh3 Rxg2 39. Kxg2
Rb2+ 40. Kf3 Rxh2 41. c5 Rh6 42. Ke4 Ke7 43. Nb3 Kd7 44. Rb4 Kc7 45. Kd5 Rh5+
46. Kc4 f5 47. Rb6 f4 48. Rf6 Re5 49. Rf7+ Kc8 50. Nxd4 Bd2 51. Rxh7 a5 52. Nf3
Re2 53. Nxd2 Rxd2 54. Rf7 Ra2 55. Kd5 Ra3 56. Kc6 Rxd3 57. Rxf4 Rd1 58. Ra4 Rh1
59. Rxa5 Rh6+ 60. Kb5 Kb8 61. Ra4 Rg6 62. Rf4 Re6 63. Rf7 Rg6 64. Rd7 Rh6 65.
Rd6 Rh1 66. Kc6 Kc8 67. Rg6 Rd1 68. Rg8+ Rd8 69. Rxd8+ 1-0

[Event "Mittelfranken EM 2022"]
[Site "Nuernberg"]
[Date "2022.04.17"]
[Round "6.12"]
[White "Dajakaj, Kastriot"]
[Black "Blumenthal, Benjamin"]
[Result "1/2-1/2"]
[WhiteElo "1656"]
[BlackElo "1753"]
[PlyCount "41"]
[EventDate "2022.??.??"]
[WhiteTeam "SG Buechenbach/Roth"]
[BlackTeam "SC NT Nuernberg"]

1. d4 d5 2. c4 c6 3. Nc3 e6 4. e3 Nf6 5. Nf3 Bd6 6. Bd3 dxc4 7. Bxc4 Nbd7 8.
O-O b5 9. Bd3 Bb7 10. e4 e5 11. Bg5 h6 12. Bh4 a6 13. Qc2 Rc8 14. Rfe1 O-O 15.
Rad1 Qe8 16. Bg3 Nh5 17. dxe5 Bxe5 18. Bxe5 Nxe5 19. Nxe5 Qxe5 20. Ne2 Rcd8 21.
Qc3 1/2-1/2

[Event "Mittelfranken EM 2022"]
[Site "Nuernberg"]
[Date "2022.04.17"]
[Round "6.13"]
[White "Schalaev, Seryozka"]
[Black "Hahn, Thomas"]
[Result "1-0"]
[WhiteElo "1599"]
[BlackElo "1853"]
[PlyCount "105"]
[EventDate "2022.??.??"]
[WhiteTeam "SC JAEKLECHEMIE"]
[BlackTeam "Zabo-Eintr Nuernberg"]

1. d4 f5 2. Bf4 g6 3. c4 Bg7 4. Nc3 Nf6 5. Nf3 O-O 6. e3 d6 7. Qb3 Qe8 8. Nd5
Nxd5 9. cxd5 Kh8 10. Ng5 e5 11. dxe6 h6 12. Nf7+ Kh7 13. d5 g5 14. Bg3 f4 15.
Qc2+ Kg8 16. Bd3 Rxf7 17. exf7+ Qxf7 18. exf4 gxf4 19. Bh4 Nd7 20. Qxc7 Bxb2
21. Rb1 Nc5 22. Qxf7+ Kxf7 23. Bc2 Bc3+ 24. Kd1 b6 25. f3 Ba6 26. Bf2 Bc4 27.
Bxc5 dxc5 28. Rc1 Bxa2 29. Bg6+ Kxg6 30. Rxc3 Bxd5 31. Rd3 Bf7 32. Re1 c4 33.
Rd6+ Kg7 34. Re7 Kf8 35. Rdd7 Bg6 36. Rxa7 Rxa7 37. Rxa7 b5 38. Rb7 Be8 39. Kd2
h5 40. Kc3 Bc6 41. Rh7 Be8 42. g3 fxg3 43. hxg3 Kg8 44. Re7 Kf8 45. Rc7 Kg8 46.
Kb4 Kf8 47. f4 Kg8 48. f5 Kf8 49. f6 Kg8 50. Kc5 Kf8 51. Kd6 Bf7 52. Rc8+ Be8
53. Ke6 1-0

[Event "Mittelfranken EM 2022"]
[Site "Nuernberg"]
[Date "2022.04.17"]
[Round "6.15"]
[White "Ratushny, Viktor"]
[Black "Mishra, Sanyukt"]
[Result "0-1"]
[WhiteElo "1250"]
[BlackElo "1539"]
[PlyCount "79"]
[EventDate "2022.??.??"]
[WhiteTeam "SW Nuernberg Sued"]
[BlackTeam "SC NT Nuernberg"]

1. e4 c5 2. Nf3 d6 3. d4 cxd4 4. Nxd4 Nf6 5. Nc3 g6 6. Be3 Bg7 7. Be2 Nc6 8.
O-O O-O 9. Kh1 a6 10. a4 Qa5 11. Rb1 Qb4 12. Nxc6 bxc6 13. Bf3 Bb7 14. Bd2 Qd4
15. Be3 Qe5 16. Bd4 Qe6 17. a5 c5 18. Bxf6 Bxf6 19. Nd5 Bxd5 20. exd5 Qd7 21.
Qd2 Rab8 22. c3 Qb5 23. b4 cxb4 24. cxb4 Rfc8 25. Be2 Qb7 26. Rb3 Rc7 27. h3
Rbc8 28. Rfb1 Rc2 29. Qd3 Be5 30. g3 Qa7 31. Kg2 Bd4 32. Rf1 R8c4 33. Qd1 R4c3
34. Rxc3 Rxc3 35. Qa4 Qb7 36. Bf3 Rxf3 37. Kxf3 Qxd5+ 38. Ke2 Qe4+ 39. Kd2 Qd5
40. Qc2 0-1

[Event "Mittelfranken EM 2022"]
[Site "Nuernberg"]
[Date "2022.04.17"]
[Round "6.16"]
[White "Schloetterer, Hermann"]
[Black "Cordts, Elof"]
[Result "1-0"]
[WhiteElo "1858"]
[BlackElo "1681"]
[PlyCount "35"]
[EventDate "2022.??.??"]
[WhiteTeam "Zabo-Eintr Nuernberg"]
[BlackTeam "SC Erlangen"]

1. d4 d5 2. c4 e6 3. Nf3 Nf6 4. Nc3 b6 5. Ne5 Bb7 6. Bg5 Be7 7. Qa4+ c6 8. g3
O-O 9. Bg2 Ne4 10. Bxe7 Nxc3 11. Qa3 Nxe2 12. Kxe2 Qc7 13. Bxf8 c5 14. Bxc5 f6
15. Bd6 Qc8 16. Rhc1 fxe5 17. Bxe5 Ba6 18. b3 1-0

[Event "Mittelfranken EM 2022"]
[Site "Nuernberg"]
[Date "2022.04.17"]
[Round "6.17"]
[White "Mankus, Siegfried"]
[Black "Oeztuerk, Dilara"]
[Result "1/2-1/2"]
[WhiteElo "1536"]
[BlackElo "794"]
[PlyCount "62"]
[EventDate "2022.??.??"]
[WhiteTeam "Zabo-Eintr Nuernberg"]
[BlackTeam "Zabo-Eintr Nuernberg"]

1. d4 Nf6 2. Nf3 g6 3. c4 Bg7 4. Nc3 O-O 5. e4 d6 6. Be2 e5 7. O-O Nc6 8. d5
Ne7 9. h3 Ne8 10. Be3 f5 11. Bg5 f4 12. b4 h6 13. Bxe7 Qxe7 14. Kh1 g5 15. Nh2
Nf6 16. Ng4 h5 17. Nxf6+ Bxf6 18. Bxh5 Qg7 19. Bg4 Qg6 20. Rc1 Rf7 21. c5 Rh7
22. Bxc8 Rxc8 23. Qg4 Re8 24. cxd6 Rh4 25. Qe2 Kg7 26. g3 Rxh3+ 27. Kg2 Qh6 28.
Rh1 Rh8 29. Qg4 Rh2+ 30. Kf3 Rxh1 31. Qd7+ Kg6 1/2-1/2

[Event "Mittelfranken EM 2022"]
[Site "Nuernberg"]
[Date "2022.04.17"]
[Round "6.18"]
[White "Wettermann, Bernd"]
[Black "Frenz, Joachim"]
[Result "0-1"]
[WhiteElo "1781"]
[BlackElo "1550"]
[PlyCount "70"]
[EventDate "2022.??.??"]
[WhiteTeam "Zabo-Eintr Nuernberg"]
[BlackTeam "SC Stein"]

1. e4 c6 2. Nf3 d5 3. Nc3 Bg4 4. h3 Bxf3 5. Qxf3 d4 6. Bc4 e6 7. Ne2 Ne7 8. d3
Ng6 9. Bf4 a5 10. a4 Be7 11. O-O O-O 12. c3 Nxf4 13. Nxf4 Qb6 14. Rab1 Nd7 15.
cxd4 Qxd4 16. Ne2 Qc5 17. Rfc1 Qb4 18. Nc3 Ne5 19. Qe2 Rfd8 20. f4 Nxc4 21.
dxc4 Rd4 22. Rd1 Rxc4 23. Rd7 Bc5+ 24. Kh1 Rf8 25. Rbd1 Rd4 26. Qc2 Rxd1+ 27.
Rxd1 Qb6 28. b3 Rd8 29. Rxd8+ Qxd8 30. Qd1 Qc7 31. g3 h6 32. Kg2 Qb6 33. e5 Qb4
34. Ne2 Qe4+ 35. Kf1 Qh1+ 0-1

[Event "Mittelfranken EM 2022"]
[Site "Nuernberg"]
[Date "2022.04.17"]
[Round "6.19"]
[White "Majid, Hakim"]
[Black "Dyroff, Roland"]
[Result "0-1"]
[WhiteElo "1481"]
[BlackElo "1802"]
[PlyCount "96"]
[EventDate "2022.??.??"]
[WhiteTeam "SW Nuernberg Sued"]
[BlackTeam "SW Nuernberg Sued"]

1. e4 c5 2. Nc3 Nc6 3. Nf3 g6 4. Bc4 Bg7 5. O-O d6 6. Ng5 Ne5 7. Bb5+ Bd7 8.
Bxd7+ Qxd7 9. f4 Ng4 10. h3 Bd4+ 11. Kh1 Nf2+ 12. Rxf2 Bxf2 13. Qf3 Bh4 14. Qd3
Bxg5 15. fxg5 h6 16. Qg3 hxg5 17. Qxg5 Nf6 18. d3 O-O-O 19. Kg1 Rdg8 20. a4 Rh5
21. Qg3 Qe6 22. Ne2 Rh7 23. Be3 Nh5 24. Qf3 g5 25. c3 g4 26. hxg4 Qxg4 27.
Qxg4+ Rxg4 28. b3 Rhg7 29. Kf1 Ng3+ 30. Nxg3 Rxg3 31. Ke2 Rxg2+ 32. Bf2 R7g6
33. b4 Rf6 34. Rf1 Kc7 35. bxc5 dxc5 36. Ke1 Rfxf2 37. Rxf2 Rxf2 38. Kxf2 Kb6
39. Kf3 Ka5 40. Ke3 Kxa4 41. d4 cxd4+ 42. cxd4 Kb5 43. Kd3 a5 44. Kc3 a4 45. d5
Kc5 46. Kd3 b5 47. Kc3 b4+ 48. Kd3 a3 0-1

[Event "Mittelfranken EM 2022"]
[Site "Nuernberg"]
[Date "2022.04.17"]
[Round "7.1"]
[White "Wagner, Florian"]
[Black "Kocak, Ediz"]
[Result "1/2-1/2"]
[WhiteElo "2208"]
[BlackElo "2053"]
[PlyCount "23"]
[EventDate "2022.??.??"]
[WhiteTeam "SC NT Nuernberg"]
[BlackTeam "SG Fuerth"]

1. e4 c5 2. Nc3 e6 3. g3 Nc6 4. Bg2 g6 5. d3 Bg7 6. Be3 Nd4 7. Qd2 Ne7 8. Nd1
e5 9. c3 Ne6 10. Bh6 Bxh6 11. Qxh6 d6 12. Bh3 1/2-1/2

[Event "Mittelfranken EM 2022"]
[Site "Nuernberg"]
[Date "2022.04.17"]
[Round "7.2"]
[White "Riexinger, Martin"]
[Black "Yelisieiev, Yevhenii"]
[Result "1-0"]
[WhiteElo "1862"]
[BlackElo "2408"]
[PlyCount "55"]
[EventDate "2022.??.??"]
[WhiteTeam "SW Nuernberg Sued"]
[BlackTeam "SC NT Nuernberg"]

1. e4 d6 2. f4 c5 3. Nf3 Nc6 4. Bc4 e6 5. Qe2 a6 6. d3 Nge7 7. O-O g6 8. c3 Bg7
9. Bb3 b5 10. Be3 a5 11. a3 a4 12. Ba2 Ba6 13. Ng5 O-O 14. f5 exf5 15. exf5 b4
16. fxg6 b3 17. Qh5 h6 18. gxf7+ Rxf7 19. Nxf7 Qe8 20. Bxh6 Bxd3 21. Nd2 Bg6
22. Qg5 bxa2 23. Bxg7 Bxf7 24. Ne4 Ng6 25. Nf6+ Kxg7 26. Nxe8+ Rxe8 27. Rxf7+
Kxf7 28. Qd5+ 1-0

[Event "Mittelfranken EM 2022"]
[Site "Nuernberg"]
[Date "2022.04.17"]
[Round "7.3"]
[White "Redzepovic, Irfan"]
[Black "Ammon, Tobias"]
[Result "1-0"]
[WhiteElo "2079"]
[BlackElo "2196"]
[PlyCount "79"]
[EventDate "2022.??.??"]
[WhiteTeam "SW Nuernberg Sued"]
[BlackTeam "SV Altensittenbach"]

1. d4 Nf6 2. Nf3 g6 3. g3 Bg7 4. Bg2 O-O 5. O-O d5 6. c4 c6 7. cxd5 cxd5 8. Nc3
Nc6 9. Bf4 Ne4 10. Be3 Bf5 11. Rc1 Nxc3 12. bxc3 Be4 13. Bh3 Bxf3 14. exf3 Na5
15. Rb1 b6 16. Qd3 e6 17. Rfc1 Nc4 18. Bf1 Qd7 19. Qd1 Rfc8 20. Bd3 Bf8 21. h4
Ba3 22. Rc2 Bd6 23. Bc1 Rc7 24. Kg2 b5 25. h5 a6 26. Qh1 Qe7 27. Re2 Nb6 28.
Qh3 Qf6 29. Bd2 Nc4 30. hxg6 hxg6 31. Bxc4 Rxc4 32. Rh1 Re8 33. Bg5 Qg7 34. Qh4
f5 35. Bf6 Be7 36. Rxe6 Bxf6 37. Rxf6 g5 38. Qh5 Qxf6 39. Qxe8+ Kg7 40. Qh8+
1-0

[Event "Mittelfranken EM 2022"]
[Site "Nuernberg"]
[Date "2022.04.17"]
[Round "7.4"]
[White "Willim, Michael"]
[Black "Seibold, Hubert"]
[Result "1/2-1/2"]
[WhiteElo "2106"]
[BlackElo "2099"]
[Annotator "maria&dimi"]
[PlyCount "27"]
[EventDate "2022.??.??"]
[WhiteTeam "SC Erlangen"]
[BlackTeam "SK Zirndorf"]

{[%evp 0,12,19,31,19,-16,26,44,29,34,48,22,41,52,44]} 1. d4 d5 2. c4 c6 3. Nc3
Nf6 4. e3 a6 5. Nf3 Bf5 6. Qb3 Ra7 7. Nh4 Be4 8. Nxe4 Nxe4 9. Nf3 e6 10. Bd3
Nf6 11. Bd2 Nbd7 12. cxd5 exd5 13. O-O a5 14. Qc2 1/2-1/2

[Event "Mittelfranken EM 2022"]
[Site "Nuernberg"]
[Date "2022.04.17"]
[Round "7.5"]
[White "Bruss, Robert"]
[Black "Albert, Markus"]
[Result "0-1"]
[WhiteElo "1825"]
[BlackElo "2007"]
[PlyCount "102"]
[EventDate "2022.??.??"]
[WhiteTeam "SG Fuerth"]
[BlackTeam "SC Ansbach"]

1. d4 d6 2. e4 Nf6 3. Nc3 e5 4. dxe5 dxe5 5. Qxd8+ Kxd8 6. Bc4 Be6 7. Bxe6 fxe6
8. Nf3 Nbd7 9. Ng5 Ke7 10. b3 Ne8 11. Bb2 Kf6 12. Nh3 a6 13. f3 Bd6 14. Nf2 Ke7
15. Ncd1 Bc5 16. Ke2 Nd6 17. Nd3 Bd4 18. c3 Ba7 19. N1f2 h5 20. h4 Rac8 21. Nh3
Rhg8 22. Rad1 Nf7 23. Rh2 Rcd8 24. c4 Bd4 25. Bxd4 exd4 26. f4 c5 27. g3 Nd6
28. Kf3 b5 29. Rc2 bxc4 30. bxc4 Rb8 31. Nhf2 Rgf8 32. Rg1 Nf7 33. Ke2 g6 34.
Nh3 Nd6 35. Nhf2 Nf7 36. g4 Rg8 37. Kf3 Nd6 38. gxh5 gxh5 39. Rg5 Rxg5 40. hxg5
Rg8 41. Nh3 Rf8 42. Ng1 Nf7 43. Rh2 Nxg5+ 44. Kg2 Nxe4 45. Rxh5 Rg8+ 46. Kh2
Ndf6 47. Rh4 Ng4+ 48. Kh3 Ngf2+ 49. Nxf2 Nxf2+ 50. Kh2 Ng4+ 51. Kh1 Ne3 0-1

[Event "Mittelfranken EM 2022"]
[Site "Nuernberg"]
[Date "2022.04.17"]
[Round "7.6"]
[White "Hrebenshchykova, Yelyzaveta"]
[Black "Vennemann, Juergen"]
[Result "1-0"]
[WhiteElo "1973"]
[BlackElo "1897"]
[PlyCount "63"]
[EventDate "2022.??.??"]
[WhiteTeam "SC NT Nuernberg"]
[BlackTeam "SC Hersbruck"]

1. e4 d6 2. d4 Nf6 3. Nc3 e5 4. Nf3 Nbd7 5. Bc4 Be7 6. O-O c6 7. a4 Qc7 8. Re1
O-O 9. Ba2 h6 10. dxe5 dxe5 11. Nh4 Bb4 12. Qf3 Bxc3 13. Qxc3 b6 14. a5 Nc5 15.
axb6 Qe7 16. Ng6 Qd6 17. Nxf8 Kxf8 18. bxa7 Nfxe4 19. Qf3 Nf6 20. Qa3 Nce4 21.
Qxd6+ Nxd6 22. Be3 Nd7 23. b4 f6 24. Red1 Ke7 25. c4 Nf5 26. Bb1 Nxe3 27. fxe3
Nb6 28. Be4 Bb7 29. b5 Rc8 30. Bxc6 Bxc6 31. bxc6 Na8 32. Rd7+ 1-0

[Event "Mittelfranken EM 2022"]
[Site "Nuernberg"]
[Date "2022.04.17"]
[Round "7.7"]
[White "Erlbeck, Peter"]
[Black "Rieber, Rene"]
[Result "1/2-1/2"]
[WhiteElo "2034"]
[BlackElo "1858"]
[PlyCount "109"]
[EventDate "2022.??.??"]
[WhiteTeam "SW Nuernberg Sued"]
[BlackTeam "SC Ansbach"]

1. e4 d5 2. exd5 Nf6 3. c4 c6 4. Nc3 cxd5 5. d4 g6 6. Qb3 Bg7 7. cxd5 O-O 8.
Nge2 Nbd7 9. g3 Qb6 10. Bg2 Rd8 11. Bf4 Ne8 12. O-O Bxd4 13. Nxd4 Qxd4 14. Rad1
Qb6 15. Rfe1 Qxb3 16. axb3 Kf8 17. Bh6+ Ng7 18. Bxg7+ Kxg7 19. Rxe7 Kf8 20.
Ree1 Nc5 21. b4 Nb3 22. Ne4 a5 23. Rd3 a4 24. Nc5 Bf5 25. Be4 Bxe4 26. Rxe4
Nxc5 27. bxc5 Ra5 28. Rc4 Rb5 29. Rd2 Ke7 30. Re2+ Kd7 31. c6+ Kd6 32. cxb7
Rxb7 33. Rxa4 Rdb8 34. Ra6+ Kxd5 35. Rf6 Ra8 36. Kg2 Raa7 37. g4 h6 38. h3 Ra2
39. Re8 Raxb2 40. Rh8 R2b6 41. Rxb6 Rxb6 42. Rxh6 Ke4 43. Rh7 f5 44. Re7+ Kf4
45. Rf7 Ra6 46. gxf5 gxf5 47. Rg7 Rh6 48. Rg3 Rh7 49. Rf3+ Ke4 50. Ra3 Rg7+ 51.
Kh2 f4 52. f3+ Kf5 53. Ra5+ Kf6 54. Ra6+ Kf5 55. Ra5+ 1/2-1/2

[Event "Mittelfranken EM 2022"]
[Site "Nuernberg"]
[Date "2022.04.17"]
[Round "7.8"]
[White "Zeltner, Ottmar"]
[Black "Schalaev, Seryozka"]
[Result "1-0"]
[WhiteElo "1983"]
[BlackElo "1599"]
[PlyCount "49"]
[EventDate "2022.??.??"]
[WhiteTeam "SK Rothenburg"]
[BlackTeam "SC JAEKLECHEMIE"]

1. e4 e6 2. d4 d5 3. Nc3 Nf6 4. e5 Nfd7 5. f4 c5 6. Nf3 Nc6 7. Be3 Qb6 8. Na4
Qa5+ 9. c3 cxd4 10. b4 Nxb4 11. cxb4 Bxb4+ 12. Bd2 Bxd2+ 13. Nxd2 b5 14. Nb2
Nc5 15. a4 bxa4 16. Nxa4 Ne4 17. Bd3 Bb7 18. Nb2 Qc3 19. Bxe4 dxe4 20. O-O e3
21. Ndc4 Rd8 22. Qa4+ Kf8 23. Rfc1 Bc6 24. Qxc6 Qb3 25. Qc7 1-0

[Event "Mittelfranken EM 2022"]
[Site "Nuernberg"]
[Date "2022.04.17"]
[Round "7.9"]
[White "Blumenthal, Benjamin"]
[Black "Mueller, Christian"]
[Result "0-1"]
[WhiteElo "1753"]
[BlackElo "1948"]
[Annotator "maria&dimi"]
[PlyCount "80"]
[EventDate "2022.??.??"]
[WhiteTeam "SC NT Nuernberg"]
[BlackTeam "SW Nuernberg Sued"]

{[%evp 0,80,23,-18,3,0,0,-11,42,34,49,25,8,-7,9,9,9,-41,-15,-13,-15,-10,-17,
-22,-10,-143,-155,-172,-172,-129,-135,-159,-158,-158,-108,-158,-24,-122,-132,
-121,-134,-285,-271,-323,-323,-318,-320,-331,-315,-372,-360,-385,-367,-608,
-616,-614,-587,-592,-522,-522,-534,-513,-502,-485,-504,-504,-501,-611,-511,
-610,-618,-622,-613,-647,-630,-655,-730,-966,-791,-1533,-1321,-29987,-29988]}
1. c4 e6 2. Nc3 d5 3. d4 c6 4. Nf3 dxc4 5. e4 b5 6. Bg5 Be7 7. Bxe7 Qxe7 8. Rc1
Bb7 9. b3 cxb3 10. Qxb3 a6 11. e5 c5 12. d5 c4 13. Qd1 exd5 14. Nxd5 Qd8 15.
Nc3 Qxd1+ 16. Rxd1 Ne7 17. Be2 b4 18. Na4 c3 19. O-O Nd7 20. a3 Bc6 21. Nxc3
bxc3 22. Rc1 Bxf3 23. Bxf3 Rc8 24. Bg4 h5 25. Bh3 g5 26. g4 Nxe5 27. gxh5 Rc5
28. Bg2 g4 29. f3 gxf3 30. Bxf3 Nxf3+ 31. Rxf3 Nd5 32. Re1+ Kf8 33. Ref1 Rh7
34. Rb1 c2 35. Rc1 Rxh5 36. h3 Rh4 37. Rf2 Ne3 38. Re2 Rd4 39. Rce1 c1=Q 40.
Rxe3 Rg5+ 0-1

[Event "Mittelfranken EM 2022"]
[Site "Nuernberg"]
[Date "2022.04.17"]
[Round "7.10"]
[White "Wenke, Oldrich"]
[Black "Dajakaj, Kastriot"]
[Result "1-0"]
[WhiteElo "2048"]
[BlackElo "1656"]
[PlyCount "57"]
[EventDate "2022.??.??"]
[WhiteTeam "SG Buechenbach/Roth"]
[BlackTeam "SG Buechenbach/Roth"]

1. e4 c5 2. d4 cxd4 3. c3 Nc6 4. Nf3 d6 5. Bc4 e6 6. O-O Nf6 7. Qe2 Be7 8. cxd4
O-O 9. Nc3 e5 10. dxe5 dxe5 11. Rd1 Qe8 12. Nd5 Bd8 13. Bg5 Nxd5 14. exd5 Bxg5
15. Nxg5 Nd4 16. Qh5 h6 17. Ne4 f5 18. Qxe8 Rxe8 19. Nd6 Rd8 20. f4 Nc2 21.
fxe5 Nxa1 22. Rxa1 Kf8 23. Rf1 Ke7 24. Nb5 a6 25. Nd4 g6 26. d6+ Kd7 27. Bf7 b5
28. Bd5 g5 29. Bc6# 1-0

[Event "Mittelfranken EM 2022"]
[Site "Nuernberg"]
[Date "2022.04.17"]
[Round "7.11"]
[White "Albayrak, Aylin"]
[Black "Schoene, Steffen"]
[Result "0-1"]
[WhiteElo "1648"]
[BlackElo "1844"]
[PlyCount "106"]
[EventDate "2022.??.??"]
[WhiteTeam "SC NT Nuernberg"]
[BlackTeam "Zabo-Eintr Nuernberg"]

1. d4 Nf6 2. c4 g6 3. Nc3 Bg7 4. e4 d6 5. Nf3 O-O 6. Be2 e5 7. d5 Na6 8. Be3
Nc5 9. Qc2 b6 10. h3 Nh5 11. b4 Nd7 12. O-O Qe8 13. Nb5 Qd8 14. Rac1 a6 15. Nc3
Nf4 16. Qd2 g5 17. Kh2 h6 18. g3 Ng6 19. Ne1 Nf6 20. Rh1 Kh7 21. Nd3 Ne8 22. c5
f5 23. exf5 Bxf5 24. g4 Bc8 25. Ne4 Nf6 26. Nxf6+ Rxf6 27. cxb6 cxb6 28. Nb2 b5
29. a4 Qd7 30. Bb6 Qf7 31. Rhf1 Rb8 32. Rc7 Qf8 33. a5 Rb7 34. Qc2 Rxc7 35.
Qxc7 Rf7 36. Qc2 e4 37. Nd1 Be5+ 38. Kg1 Rf4 39. Be3 Bd7 40. Qc7 Rf7 41. Qc2
Nf4 42. Bxf4 Rxf4 43. f3 h5 44. Kg2 hxg4 45. hxg4 Kg7 46. Ne3 Bd4 47. Qd2 Qf6
48. Kg3 exf3 49. Rxf3 Qe5 50. Kg2 Re4 51. Nf5+ Bxf5 52. Qxg5+ Bg6 53. Rf5 Rxe2+
0-1

[Event "Mittelfranken EM 2022"]
[Site "Nuernberg"]
[Date "2022.04.17"]
[Round "7.12"]
[White "Friedrich, Michael"]
[Black "Mishra, Sanyukt"]
[Result "1/2-1/2"]
[WhiteElo "1684"]
[BlackElo "1539"]
[PlyCount "82"]
[EventDate "2022.??.??"]
[WhiteTeam "SC Erlangen"]
[BlackTeam "SC NT Nuernberg"]

1. e4 c5 2. Nf3 d6 3. Bb5+ Bd7 4. Qe2 a6 5. Bxd7+ Nxd7 6. d4 cxd4 7. Nxd4 g6 8.
Be3 Bg7 9. O-O Ngf6 10. Nd2 O-O 11. Rad1 Qa5 12. Nc4 Qc7 13. Qd3 Nc5 14. Qe2
Ncxe4 15. Nb3 b5 16. Nb6 Rab8 17. f3 Nc5 18. Nd5 Nxd5 19. Rxd5 Nxb3 20. cxb3 e6
21. Rd2 d5 22. Rc2 Qb7 23. Bc5 Rfc8 24. b4 a5 25. Rfc1 a4 26. Qf2 Rc6 27. Ba7
Rbc8 28. Rxc6 Rxc6 29. Rxc6 Qxc6 30. Qc5 Qxc5+ 31. bxc5 Kf8 32. c6 Ke7 33. Bc5+
Kd8 34. Bb6+ Kc8 35. b3 axb3 36. axb3 Be5 37. h3 Bc7 38. Bc5 e5 39. Kf2 e4 40.
fxe4 dxe4 41. Ke2 f5 1/2-1/2

[Event "Mittelfranken EM 2022"]
[Site "Nuernberg"]
[Date "2022.04.17"]
[Round "7.13"]
[White "Weissmann, Peter"]
[Black "Schloetterer, Hermann"]
[Result "1/2-1/2"]
[WhiteElo "1707"]
[BlackElo "1858"]
[PlyCount "25"]
[EventDate "2022.??.??"]
[WhiteTeam "SG Fuerth"]
[BlackTeam "Zabo-Eintr Nuernberg"]

1. e4 d5 2. exd5 Qxd5 3. d4 Nf6 4. c4 Qe4+ 5. Be3 Ng4 6. Nc3 Nxe3 7. Nxe4 Nxd1
8. Rxd1 Bf5 9. Bd3 e6 10. Ne2 Bb4+ 11. N4c3 Bxd3 12. Rxd3 O-O 13. O-O 1/2-1/2

[Event "Mittelfranken EM 2022"]
[Site "Nuernberg"]
[Date "2022.04.17"]
[Round "7.14"]
[White "Albayrak, Atilla"]
[Black "Balhar, Michael"]
[Result "1/2-1/2"]
[WhiteElo "1673"]
[BlackElo "1736"]
[PlyCount "128"]
[EventDate "2022.??.??"]
[WhiteTeam "SC NT Nuernberg"]
[BlackTeam "SC Erlangen"]

1. e4 c5 2. Nf3 e6 3. d4 cxd4 4. Nxd4 a6 5. Bd3 Bc5 6. Nb3 Be7 7. O-O Qc7 8.
Nc3 Nf6 9. Qf3 d6 10. Bf4 O-O 11. Rfe1 Nbd7 12. Rad1 b5 13. h4 e5 14. Bc1 Nb6
15. Qg3 Kh8 16. Bg5 Rg8 17. Bxf6 Bxf6 18. Nd5 Nxd5 19. exd5 Qe7 20. h5 Bg5 21.
Nd4 Bf4 22. Qxf4 Qf8 23. Qe4 g6 24. Ne2 f5 25. Qh4 g5 26. Qb4 e4 27. Bxe4 fxe4
28. Qxe4 Bf5 29. Qd4+ Qg7 30. Qxg7+ Kxg7 31. Nd4 Kf6 32. Nxf5 Kxf5 33. Re7 Rh8
34. Rde1 Rac8 35. R1e2 Rc5 36. Rd2 a5 37. f3 Rhc8 38. c3 R8c7 39. Rxc7 Rxc7 40.
Re2 g4 41. fxg4+ Kxg4 42. h6 Rc5 43. Re7 Rxd5 44. Rxh7 Kg5 45. Rh8 a4 46. h7
Kg6 47. Kh2 Kg7 48. Ra8 Kxh7 49. c4 bxc4 50. Rxa4 Rd4 51. b3 d5 52. bxc4 Rxc4
53. Ra7+ Kg6 54. Kg3 Kf5 55. Re7 Ra4 56. Re2 d4 57. Kf2 d3 58. Rd2 Ke4 59. g3
Kd4 60. g4 Kc3 61. Ke3 Rxg4 62. Rxd3+ Kb2 63. Rd2+ Ka3 64. Rh2 Rb4 1/2-1/2

[Event "Mittelfranken EM 2022"]
[Site "Nuernberg"]
[Date "2022.04.17"]
[Round "7.15"]
[White "Hahn, Thomas"]
[Black "Mankus, Siegfried"]
[Result "1-0"]
[WhiteElo "1853"]
[BlackElo "1536"]
[PlyCount "113"]
[EventDate "2022.??.??"]
[WhiteTeam "Zabo-Eintr Nuernberg"]
[BlackTeam "Zabo-Eintr Nuernberg"]

1. e4 e6 2. d4 d5 3. exd5 exd5 4. Bd3 Nf6 5. Nf3 Bg4 6. O-O Be7 7. Bg5 O-O 8.
c3 h6 9. Bh4 c6 10. Nbd2 Qc7 11. Qc2 Nbd7 12. Rae1 Rae8 13. Bf5 Bd8 14. Bg3
Bxf5 15. Qxf5 Qb6 16. Bd6 Rxe1 17. Rxe1 Qxb2 18. Bxf8 Nxf8 19. Qb1 Qxb1 20.
Rxb1 b6 21. Ne5 c5 22. Nc6 cxd4 23. cxd4 Ne6 24. Nxd8 Nxd8 25. Rc1 Ne6 26. Rc8+
Kh7 27. Nb3 a5 28. a4 Ne4 29. Rb8 Nc3 30. Rxb6 Nxa4 31. Rb5 Nc3 32. Rxa5 Ne2+
33. Kf1 N2xd4 34. Nxd4 Nxd4 35. Rxd5 Ne6 36. Rd7 f6 37. h4 h5 38. g3 Nf8 39.
Ra7 Ng6 40. f4 Kh6 41. Rf7 Nh8 42. Rf8 Ng6 43. Re8 Kh7 44. Kf2 Nh8 45. Re7 Ng6
46. Rb7 Kh8 47. Rb5 Kg8 48. Rxh5 Kf7 49. Ra5 Nf8 50. Kf3 Ne6 51. Ke4 Nf8 52. f5
g6 53. Ra7+ Kg8 54. Ra8 Kg7 55. Rxf8 gxf5+ 56. Kxf5 Kxf8 57. Kxf6 1-0